Nacionalizm v pozdne- i postkommunističeskoj Evrope (Titelsatznr. 45487)
[ MARC ]
| 000 -Satzkennung | |
|---|---|
| Kontrollfeld mit fester Länge | 00618nam a22001811cc4500 |
| 001 - Kontrollnummer | |
| Kontrollfeld | a987675795+Tom2 |
| 035 ## - Systemkontrollnummer | |
| System-Kontrollnummer | a987675795 |
| 008 - Feld mit fester Länge zur physischen Beschreibung - Allgemeine Angaben | |
| Kontrollfeld mit fester Länge | 170707s2010 gw |||| 000u rus d |
| 020 ## - Internationale Standardbuchnummer | |
| Internationale Standardbuchnummer | 9785824314212 |
| Verknüpfung | 978-5-8243-1421-2 |
| 040 ## - Katalogisierungsquelle | |
| Übertragungsstelle | RU-10907106 |
| 003 - Kontrollnummer Identifier | |
| Kontrollfeld | RU-10907106 |
| 245 00 - Titel | |
| Titel | Nacionalizm v pozdne- i postkommunističeskoj Evrope |
| Zählung des Teils/der Abteilung eines Werkes | Tom 2 |
| Titel eines Teils/einer Abteilung eines Werkes | Nacionalizm v nacional'nych gosudarstvach |
| 264 ## - Produktion, Veröffentlichung, Distribution, Herstellung und Urheberrechtsvermerk | |
| Herstellungs-, Veröffentlichungs- Vertriebs-, Erzeugungsort | Moskva : |
| Produzent, Herausgeber, Distributor, Hersteller | ROSSPEN, |
| Datum der Herstellung, der Veröffentlichung, des Vertriebs oder des Urheberschutzvermerks | 2010 |
| 246 12 - Titelvarianten | |
| Hauptsachtitel/Kurztitel | Nacionalizm v pozdne- i postkommunističeskoj Evrope. Nacionalizm v nacional'nych gosudarstvach |
| Zählung des Teils/der Abteilung eines Werkes | Tom 2 |
| 300 ## - Physische Beschreibung | |
| Umfang | 695 S. |
| 773 08 - Übergeordnete Einheit | |
| Datensatzkontrollnummer | a987675795 |
| Zählung und erste Seite | Tom2 |
| 942 ## - Zusätzliche Felder (Koha) | |
| Koha-Medientyp | Monographien |
| Ausgeschieden | Verloren | Klassifikation oder Aufstellungssystematik | Beschädigt | Nicht entleihbar | Heimatbibliothek | Aufenthaltsbibliothek | Aufstellungsort | Erwerbungsdatum | Inventarnummer | Signatur | Barcode | Letzte Aktivität | Preis gültig von | Koha-Medientyp |
|---|---|---|---|---|---|---|---|---|---|---|---|---|---|---|
| Andere/Generische Klassifikation | MWN Osteuropa | MWN Osteuropa | Lesesaal - 1 | 07/07/2017 | 16-00650 Ersatzß | W 66 C eh Jah 1 (2) | E00401509E33E4F6 | 06/10/2020 | 22/03/2021 | Monographien |